| 000 | 00481nam a2200121Ia 4500 | ||
|---|---|---|---|
| 008 | 170221s9999 xx 000 0 und d | ||
| 100 | _aSteve Gerhardt | ||
| 245 | _aFranchising and the Impact of McDonald's | ||
| 245 | _cSteve Gerhardt, Tarleton State University; DanDudley, Tarleton State University; Samuel Hazen, Tarleton State University. | ||
| 260 | _bJournal of Management and Marketing Research | ||
| 650 | _xBusiness | ||
| 856 | _uhttp://www.aabri.com/manuscripts/11910.pdf | ||
| 999 |
_c307639 _d307639 |
||